000 00327nam a22001337a 4500
008 170627b xxu||||| |||| 00| 0 eng d
020 _a2901563086242
041 _aeng
080 _23 ED
_a5
100 _a21
101 _aGJL
245 _aREFERENCE AND INFORMATION SERVICES AN INTRODUCTION
_cBOPP.R.E
942 _2udc
_cBK
999 _c19245
_d19245